[Event "George Trundle Talents"]
[Site "Auckland"]
[Date "2020.01.09"]
[Round "6"]
[White "Somaraju, Sai Vivan Karthikey"]
[Black "Zhang, Tim"]
[Result "0-1"]
[WhiteElo "256"]
[BlackElo "1270"]
[PlyCount "106"]
[EventDate "2020.01.04"]
[EventType "tourn"]
[EventRounds "9"]
[EventCountry "NZL"]
[SourceTitle "EXT 2021"]
[Source "ChessBase"]
[SourceDate "2020.10.23"]
[SourceVersion "1"]
[SourceVersionDate "2020.10.23"]
[SourceQuality "1"]

1. e4 c5 2. Nf3 Nc6 3. d4 cxd4 4. Nxd4 Nf6 5. Nc3 e5 6. Nf3 Bb4 7. Bd3 Bxc3+ 8. bxc3 d6 9. 0-0 0-0 10. Bg5 h6 11. Bh4 Be6 12. Bb5 Rc8 13. Bxc6 Rxc6 14. Re1 Qe7 15. Re3 Rd8 16. Qc1 Bg4 17. Rb1 b6 18. Nd2 Rdc8 19. Rb3 Be6 20. Ra3 Bd7 21. Qb2 a5 22. Qb3 Ra8 23. Rf3 a4 24. Rxa4 Rxa4 25. Qxa4 Rxc3 26. Bxf6 gxf6 27. Rg3+ Rxg3 28. Qa8+ Qe8 29. Qxe8+ Bxe8 30. fxg3 Ba4 31. Nc4 Bxc2 32. Nxb6 Bxe4 33. a4 Kf8 34. a5 Bd3 35. Nd7+ Ke7 36. Nb8 Kd8 37. a6 Kc7 38. a7 Be4 39. Kf2 Kb7 40. Nd7 f5 41. Nf6 Kxa7 42. Nxe4 fxe4 43. Ke3 d5 44. h4 f5 45. Ke2 Kb6 46. Kf2 Kc5 47. Ke3 d4+ 48. Ke2 Kc4 49. Kd2 d3 50. Kd1 e3 51. Ke1 Kc3 52. h5 d2+ 53. Kd1 Kd3 0-1

[Event "George Trundle Talents"]
[Site "Auckland"]
[Date "2020.01.08"]
[Round "5"]
[White "Zhang, Tim"]
[Black "Steadman, Mathew"]
[Result "0-1"]
[WhiteElo "1270"]
[BlackElo "1453"]
[PlyCount "106"]
[EventDate "2020.01.04"]
[EventType "tourn"]
[EventRounds "9"]
[EventCountry "NZL"]
[SourceTitle "EXT 2021"]
[Source "ChessBase"]
[SourceDate "2020.10.23"]
[SourceVersion "1"]
[SourceVersionDate "2020.10.23"]
[SourceQuality "1"]

1. d4 d6 2. Bf4 Nf6 3. e3 h6 4. h3 c6 5. c3 Nbd7 6. Nf3 g6 7. Bd3 Bg7 8. Nbd2 Nh7 9. Qc2 e5 10. Bh2 f5 11. e4 f4 12. g3 fxg3 13. Bxg3 Qe7 14. h4 Nhf6 15. c4 exd4 16. Nxd4 Ne5 17. Bxe5 dxe5 18. N4b3 Ng4 19. c5 Be6 20. Bc4 Qf7 21. Bxe6 Qxf2+ 22. Kd1 Ne3+ 23. Kc1 Nxc2 24. Kxc2 Qf6 25. Bc4 0-0-0 26. Raf1 Qe7 27. Rf7 Qe8 28. Rxg7 Rd7 29. Rxd7 Qxd7 30. h5 g5 31. Be2 g4 32. Rg1 Rg8 33. Nc4 g3 34. Bf3 Qe6 35. Nd6+ Kb8 36. Nf5 Qc4+ 37. Kd2 Rd8+ 38. Nd6 Qg8 39. Kc3 b5 40. Na5 Kc7 41. a3 Qg5 42. Kd3 Rf8 43. Ke2 Rxf3 44. Kxf3 Qf4+ 45. Ke2 Qf2+ 46. Kd3 Qxg1 47. Nab7 Qd4+ 48. Kc2 g2 49. Kb3 g1Q 50. Ka2 Qg2 51. Nc4 Qxc4+ 52. Kb1 Qcc2+ 53. Ka2 Qxb2# 0-1